000 00354nam a22001337a 4500
003 SGT
020 _a9789386231062
082 _a301.2
_bD17R
100 _a ऋषि, राज
245 _aदेशभक्ति के पावन तीर्थ
260 _b प्रभात प्रकाशन
_c2017
300 _a190
942 _2ddc
_cBK
999 _c29574
_d29574